Library Banner

Extreme cinema : (Record no. 104971)

MARC details
000 -LEADER
fixed length control field 00717cam a2200217 i 4500
001 - CONTROL NUMBER
control field 18679994
005 - DATE AND TIME OF LATEST TRANSACTION
control field 20180528102126.0
008 - FIXED-LENGTH DATA ELEMENTS--GENERAL INFORMATION
fixed length control field 150629s2016 njua b s001 0 eng
020 ## - INTERNATIONAL STANDARD BOOK NUMBER
International Standard Book Number 9781474426022
040 ## - CATALOGING SOURCE
Transcribing agency PK-LaUMT
082 00 - DEWEY DECIMAL CLASSIFICATION NUMBER
Classification number 306.05
Item number MIC-E
100 1# - MAIN ENTRY--PERSONAL NAME
Personal name Michael, Aaron
245 10 - TITLE STATEMENT
Title Extreme cinema :
Remainder of title affective strategies in transnational media /
Statement of responsibility, etc Aaron Michael Kerner and Jonathan L. Knapp
260 ## - PUBLICATION, DISTRIBUTION, ETC. (IMPRINT)
Place of publication, distribution, etc Edinburgh :
Name of publisher, distributor, etc Edinburgh University Press,
Date of publication, distribution, etc 2017
300 ## - PHYSICAL DESCRIPTION
Extent 179 p.:
Other physical details illustrations ;
Dimensions 24 cm
650 #0 - SUBJECT ADDED ENTRY--TOPICAL TERM
Topical term or geographic name as entry element Motion pictures
General subdivision Production and direction.
650 #0 - SUBJECT ADDED ENTRY--TOPICAL TERM
Topical term or geographic name as entry element Art in motion pictures.
650 #0 - SUBJECT ADDED ENTRY--TOPICAL TERM
Topical term or geographic name as entry element Experimental films.
650 #0 - SUBJECT ADDED ENTRY--TOPICAL TERM
Topical term or geographic name as entry element Motion picture industry
General subdivision Marketing.
942 ## - ADDED ENTRY ELEMENTS (KOHA)
Koha item type Books
Holdings
Withdrawn status Lost status Damaged status Home library Current library Date acquired Full call number Barcode Date last seen Price effective from Koha item type
      UMT Main Campus UMT Main Campus 2018-05-28 306.05 MIC-E 121818 2019-12-12 2018-05-28 Books